000 00707nam a2200241Ia 4500
003 OSt
005 20220923215047.0
006 a|||||r|||| 00| 0
007 ta
008 220922b |||||||| |||| 00| 0 hin d
024 _a175,264
037 _cTextual
040 _aARTS
_cARTS
_bhin
041 _2hin
_ahin
082 _aO152:g, K4
100 _aमदान, इंद्रनाथ
_9156272
245 0 _aआलोचना और साहित्य
246 _aĀlochanā aur sāhitya
260 _c1964
650 _aहिन्दी साहित्य
_9156264
942 _hO152:g, K4
_cTEXL
_2CC
999 _c328968
_d328968